| 000 | 00480nam a2200181Ia 4500 | ||
|---|---|---|---|
| 005 | 20250326123445.0 | ||
| 008 | 250326s9999 xx 000 0 und d | ||
| 037 | _aTextbook | ||
| 040 |
_aFMSL _beng _cFMSL |
||
| 041 |
_aeng _2eng |
||
| 084 |
_aB2893 P3 _qFMSL |
||
| 100 | _aSharma J K | ||
| 245 | 0 |
_aOperations research _cSharma J K |
|
| 260 |
_aNew Delhi _bNew Delhi, Macmillan _c2003 |
||
| 300 | _a1107p | ||
| 942 |
_cTB _hB2893 P3 |
||
| 999 |
_c1269443 _d1269443 |
||